Estadísticas para Capitales caribe

Haz click aquí para intentar la prueba.

Estadísticas generales

  • Esta prueba ha sido intentada 24 veces
  • La puntuación promedio es 11 de 13

Estadísticas de respuestas

HintRespuesta% Correcto
CubaLa habana
100%
Haitipuerto principe
100%
Republica dominicanasanto domingo
100%
Jamaicakingston
94%
BahamasNasau
94%
Trinidad y Tobagopuerto españa
94%
San cristobal y nievesBasseterre
89%
San Vicente y las GranadinasKingstown
83%
DominicaRoseau
83%
GranadaSaint george
83%
Antigua y barbudaSaint john
78%
Santa luciaCastries
72%
Barbadosbrigdetown
17%

Distribución de puntuación

Porcentaje por número respondido

Porcentaje de gente con cada puntuación

Historial de tus puntuaciones

No has intentado esta prueba.